| 000 | 00520nam a22001817a 4500 | ||
|---|---|---|---|
| 999 |
_c526702 _d526702 |
||
| 003 | NUST | ||
| 020 | _qHBK | ||
| 038 | _aFaiza | ||
| 082 |
_a891.491301 _bFAR |
||
| 100 |
_aLodhi, Farkhanda _914877 |
||
| 245 |
_aJand da Angeyaar / _cFarkhanda Lodhi |
||
| 260 |
_aLahore : _bPunjabi Markaz, _c2009. |
||
| 300 | _a351 p. ; | ||
| 880 |
_6100-01\r _aفرخندہ لودھی |
||
| 880 |
_6245-02\r _aجَنڈ دا انگیار / _d |
||
| 880 |
_6260-03\r _aلاہور : _bپنجابی مرکز, _c۲۰۰۹. |
||
| 942 |
_2ddc _cBK |
||